| 000 | 00579nam a2200217Ia 4500 | ||
|---|---|---|---|
| 005 | 20250120054728.0 | ||
| 008 | 240331s9999 xx 000 0 und d | ||
| 020 | _a0415079896 | ||
| 082 |
_bBOC _23601 _a305.4 |
||
| 245 | 0 |
_aBeyond Equality and Difference: _bCitizenship, Feminist Politics and Female Subjectivity |
|
| 260 |
_aLondon _aNew York _bRoutledge _c1992 |
||
| 300 | _aix, 210 p., | ||
| 650 | _aEquality | ||
| 650 | _aWomen | ||
| 650 | _aFeminism | ||
| 650 | _aPolitics | ||
| 650 | _aCitizenship | ||
| 700 |
_aBock, G _eedt |
||
| 700 |
_aJames, S _eedt |
||
| 942 | _cL | ||
| 999 |
_c1627 _d1627 |
||